Concilio ecuménico, iglesia y cristianidad: -herencia y misión-
Gespeichert in:
| 1. Verfasser: | |
|---|---|
| Format: | Buch |
| Sprache: | Spanisch |
| Veröffentlicht: |
Barcelona
Estela
1962
|
| Ausgabe: | 1a. ed |
| Schriftenreihe: | Colección Estela
|
| Schlagworte: | |
| Tags: |
Tag hinzufügen
Keine Tags, Fügen Sie den ersten Tag hinzu!
|
MARC
| LEADER | 00000cam a2200000 a 4500 | ||
|---|---|---|---|
| 001 | UCD4967 | ||
| 003 | CL-VaPUC | ||
| 008 | 160731e19620400sp |||||||||||||||||spa|d | ||
| 082 | 0 | 4 | |a 262.0011 |b JAE |2 21 |
| 100 | 0 | |a Jaeger, Lorenz |e author |9 588680 | |
| 245 | 1 | 0 | |a Concilio ecuménico, iglesia y cristianidad: -herencia y misión- |
| 250 | |a 1a. ed | ||
| 300 | |a 187 p | ||
| 942 | |c BK | ||
| 945 | |d 20160731 21:25:00 |a arojas | ||
| 260 | |a Barcelona |b Estela |c 1962 | ||
| 650 | 7 | |a CONCILIO ECUMENICO |2 CL-VaPUC |9 399602 | |
| 650 | 0 | |a Iglesia |9 255004 | |
| 650 | 0 | |a Cristianismo |9 257361 | |
| 583 | |a last modification |c 20160731 21:25:00 |k Rodrigo Vera | ||
| 490 | 0 | |a Colección Estela | |
| 999 | |c 365745 |d 365743 | ||
| 952 | |0 0 |1 0 |3 erb |4 0 |6 262_001100000000000_JAE_1962 |7 0 |8 P |9 479695 |a BIBTEO |b BIBTES |c TEO_FTES |e Villagrán Garnham, Jorge |i 531724K |o 262.0011 JAE 1962 |p 531724K |r 2024-01-18 |w 2019-11-24 |y BK |z Catalogado en:20160731 |k ICR | ||